000 00543nam a2200193Ia 4500
003 OSt
005 20200821143522.0
008 190216s9999||||xx |||||||||||||| ||und||
020 _a9788126511105
040 _coclc
082 _a668.9
_bBIL/T
100 _aBillmeyer, Fred W
_94283
245 0 _aTextbook Of Polymer Science /
_cFred W Billmeyer
250 _a3rd Ed.
260 _bWiley India,
_c2009.
_aNew Delhi:
300 _a578p
650 _aChemistry-Chemistry
942 _cBK
_2ddc
_h668.9
_iBIL/T
_k668.9
_mBIL/T
999 _c3609
_d3609